000 00763nam a22002657a 4500
001 BR7503788
003 BR-BrBNA
005 20230928084826.0
007 ta
008 230509b bl.||||| |||| 00| 0 por d
040 _aBR-BrBNA
_bpor
_cBiblioteca Nacional de Agricultura
041 _a(Por)
072 _aF00
_b/GZ15
090 _ F00 BR7503788
100 1 _aAlvim, P. de T.
110 1 _aComissao Executiva do Plano da Lavoura Cacaueira, Ilheus, BA (Brasil)
_92106
245 1 _aAgricultura nos tropicos umidos: potencialidade e limitacoes
260 3 _aIlheus, BA (Brasil):
_c1975.
300 _a20 p.
500 _a8 illus.; 13 ref.
650 _aPRODUCAO VEGETAL
650 _aZONA UMIDA
909 _a202309
_bLucia
_c55
_dLucia Elande
942 _cBK
999 _c21314
_d21314